Представление документа в формате RUSMARC

ПолеНазваниеЗначение
  Тип записи a
  Библиографический уровень m
001 Контрольный номер LIBNET\0000623716
005 Дата корректировки 20201206205007.7
010 Индекс ISBN __
a ISBN 978-5-17-088434-6 (в пер.)
d Цена 358-72
100 Данные общей обработки __
a Данные общей обработки 19160115d2015 |||y0rusy0189 ca
101 Язык документа 1_
a Язык текста rus
c Язык оригинала pol
102 Страна публикации __
a Страна публикации RU
105 Кодированные данные (монография) __
a Кодированные данные (монография) y|||z|||000zy
200 Заглавие и сведения об ответственности 1_
a Заглавие Интим
e Сведения, относящиеся к заглавию разговоры не только о любви : [перевод с польского : 18+]
f Первые сведения об ответственности Януш Леон Вишневский, Збигнев Издебский
b Общее обозначение материала Текст
210 Выходные данные __
a Место издания Москва
c Издательство АСТ
d Дата издания 2015
215 Физическое описание __
a Объем 350, [1] с.
d Формат 21 см
225 Серия __
a Серия Одиночество и любовь: проза Януша Вишневского
300 Общие примечания __
a Общие примечания 10000 экз.
330 Аннотация __
a Аннотация Януш Вишневский и врач-сексолог Збигнев Издебский ведут долгий, подробный разговор о сексе как о важной составляющей жизни каждого взрослого человека. Более чем откровенно они обсуждают природу и химию женской и мужской сексуальности, интимные мечты и желания, сексуальные переживания и предубеждения, одним словом - то сокровенное, что происходит за дверями спален. Авторы убеждены: секс привносит в человеческую жизнь счастье, а самый мощный афродизиак - это любовь.
333 Примечание о целевом назначении __
a Примечание о целевом назначении 18+. Запрещено для детей
606 Тематические рубрики __
a Основная рубрика Здравоохранение. Медицинские науки
606 Тематические рубрики __
a Основная рубрика Медицинская сексология
y Географическая подрубрика Польша
610 Ключевые слова __
a Ключевые слова зарубежная литература
a Ключевые слова иностранная литература
a Ключевые слова интимная близость
a Ключевые слова интимная жизнь
a Ключевые слова интимные отношения
a Ключевые слова любовь
a Ключевые слова отношения
a Ключевые слова польская литература
a Ключевые слова секс
a Ключевые слова сексуальное влечение
a Ключевые слова сексуальность
a Ключевые слова современная литература
686 Индексы других классификаций __
2 Код системы rubbks
a Классификационный индекс 57.01
700 Автор _1
a Фамилия Вишневский
b Имя Я. Л.
f Даты 1954-
g Полное личное имя Януш Леон
4 Код отношения 070
701 Альтернативная интеллектуальная ответственность _1
a Фамилия Издебский
b Имя З.
g Полное личное имя Збигнев
4 Код отношения 070
801 Источник записи _0
a Страна RU
b Организация Муниципальное бюджетное учреждение культуры "Централизованная библиотечная система" г. Сургут (Центральная городская библиотека им. А. С. Пушкина)
c Дата составления 20160115
g Правила каталогизации КиК/Коробейникова
801 Источник записи _1
a Страна RU
b Организация Муниципальное бюджетное учреждение культуры "Централизованная библиотечная система" г. Сургут (Центральная городская библиотека им. А. С. Пушкина)
c Дата составления 20160115
g Правила каталогизации КиК/Коробейникова
852 Данные о местонахождении __
j Шифр хранения 57.01
i Авторский знак В 55
901 Тип документа __
t Тип документа m
903 Характеристики (МАРС) __
a Дата передачи 20160413
990 Данные о заказе (DOS) __
j Количество экземпляров (DOS) 10
t N записи в КСУ для И/У (DOS) 201604